[Event "SVK-chT 2425"]
[Site "Slovakia"]
[Date "2024.11.24"]
[Round "2.8"]
[White "Pericka, Tomas"]
[Black "Zvarik, Martin"]
[Result "1/2-1/2"]
[WhiteElo "2035"]
[BlackElo "2149"]
[PlyCount "38"]
[EventDate "2024.11.23"]
[EventType "team-tourn"]
[EventRounds "11"]
[EventCountry "SVK"]
[SourceTitle "CB48_2024"]
[SourceDate "2024.11.28"]
[SourceVersion "1"]
[SourceVersionDate "2024.11.28"]
[SourceQuality "1"]
[WhiteTeam "Osuske"]
[BlackTeam "Cadca Caissa"]
[WhiteTeamCountry "SVK"]
[BlackTeamCountry "SVK"]

1. e4 e5 2. Nc3 d6 3. Bc4 Be6 4. d3 Nf6 5. Be3 Nc6 6. Nh3 d5 7. exd5 Nxd5 8. Nxd5 Bxd5 9. Bxd5 Qxd5 10. 0-0 0-0-0 11. f4 Bc5 12. Qf3 Qxf3 13. Rxf3 Nd4 14. Bxd4 Bxd4+ 15. Kf1 Bxb2 16. Rb1 Bd4 17. fxe5 Bxe5 18. Ng5 Rd7 19. Nxf7 Re8 1/2-1/2

[Event "SVK-chT2A 2324"]
[Site "Slovakia"]
[Date "2024.02.10"]
[Round "8.8"]
[White "Pericka, Tomas"]
[Black "Gettler, Daniel"]
[Result "1-0"]
[WhiteElo "2008"]
[BlackElo "1915"]
[PlyCount "41"]
[EventDate "2023.10.07"]
[EventType "team-tourn"]
[EventRounds "11"]
[EventCountry "SVK"]
[SourceTitle "EXT 2025"]
[Source "ChessBase"]
[SourceDate "2024.10.14"]
[SourceVersion "1"]
[SourceVersionDate "2024.10.14"]
[SourceQuality "1"]
[WhiteTeam "Osuske II"]
[BlackTeam "Krasnany"]
[WhiteTeamCountry "SVK"]
[BlackTeamCountry "SVK"]

1. e4 d6 2. d4 Nf6 3. Nc3 g6 4. f3 c6 5. Be3 b5 6. Qd2 Qa5 7. g4 Nbd7 8. Nge2 Bb7 9. Ng3 Bg7 10. Bd3 a6 11. 0-0 0-0 12. Bh6 Bxh6 13. Qxh6 Qb4 14. Nce2 Qxb2 15. Rab1 Qa3 16. g5 Ne8 17. f4 Ng7 18. f5 e5 19. Rf3 Rfe8 20. Rbf1 Qxa2 21. Nc3 1-0

[Event "SVK-chT2A 2324"]
[Site "Slovakia"]
[Date "2023.12.03"]
[Round "6.5"]
[White "Felcir, Jaroslav"]
[Black "Pericka, Tomas"]
[Result "1-0"]
[WhiteElo "2121"]
[BlackElo "2008"]
[PlyCount "79"]
[EventDate "2023.10.07"]
[EventType "team-tourn"]
[EventRounds "11"]
[EventCountry "SVK"]
[SourceTitle "EXT 2025"]
[Source "ChessBase"]
[SourceDate "2024.10.14"]
[SourceVersion "1"]
[SourceVersionDate "2024.10.14"]
[SourceQuality "1"]
[WhiteTeam "Trnava Lokomotiva"]
[BlackTeam "Osuske II"]
[WhiteTeamCountry "SVK"]
[BlackTeamCountry "SVK"]

1. e4 c5 2. Nf3 Nc6 3. d4 cxd4 4. Nxd4 g6 5. c4 Bg7 6. Be3 Nf6 7. Nc3 Ng4 8. Qxg4 Nxd4 9. Qd1 e5 10. Qd2 d6 11. Bd3 Be6 12. b3 a6 13. 0-0 0-0 14. Bxd4 exd4 15. Ne2 Rc8 16. Rad1 Rc5 17. Bb1 Rh5 18. Ng3 Rh6 19. Qf4 g5 20. Qd2 g4 21. Rfe1 Qh4 22. Nf1 Be5 23. g3 Qf6 24. Qb4 Rh3 25. Qxb7 h5 26. Qxa6 h4 27. Rd3 Kg7 28. Qb7 Rh8 29. Re2 Qh6 30. Qb4 f5 31. exf5 Bxf5 32. Rd1 Bxb1 33. Rxb1 d3 34. Rxe5 dxe5 35. Qe7+ Kg8 36. Qe8+ Kh7 37. Qxe5 hxg3 38. fxg3 Kg8 39. Re1 Rxg3+ 40. Qxg3 1-0

[Event "SVK-chT2A 2223"]
[Site "Slovakia"]
[Date "2023.01.15"]
[Round "7.5"]
[White "Pericka, Tomas"]
[Black "Skreno, Vladimir"]
[Result "0-1"]
[WhiteElo "2032"]
[BlackElo "2064"]
[PlyCount "88"]
[EventDate "2022.10.08"]
[EventType "team-tourn"]
[EventRounds "11"]
[EventCountry "SVK"]
[SourceTitle "EXT 2024"]
[Source "ChessBase"]
[SourceDate "2023.10.10"]
[SourceVersion "1"]
[SourceVersionDate "2023.10.10"]
[SourceQuality "1"]
[WhiteTeam "Osuske II"]
[BlackTeam "Trnava Lokomotiva"]
[WhiteTeamCountry "SVK"]
[BlackTeamCountry "SVK"]

1. e4 c5 2. Nf3 Nc6 3. d4 cxd4 4. Nxd4 e5 5. Nb5 a6 6. Nd6+ Bxd6 7. Qxd6 Qf6 8. Qd2 Qg6 9. Nc3 Nge7 10. b3 d5 11. Qg5 Qxg5 12. Bxg5 f6 13. Bd2 Be6 14. Na4 Nd4 15. Rc1 dxe4 16. c3 Ndf5 17. Nc5 Bd5 18. c4 Bc6 19. Ne6 Kf7 20. Nc7 Rad8 21. Ba5 Rd7 22. c5 Rc8 23. Bc4+ Nd5 24. Nxd5 Bxd5 25. b4 Bxc4 26. Rxc4 Rd4 27. Rc2 Ne7 28. a3 Nc6 29. Bb6 Rd3 30. Ra2 Re8 31. Bc7 Ke6 32. 0-0 f5 33. h4 Nd4 34. f4 exf3 35. gxf3 Nxf3+ 36. Kf2 e4 37. h5 Kd5 38. Bf4 g5 39. hxg6 hxg6 40. c6 bxc6 41. Rc1 Rc8 42. Rc5+ Ke6 43. Rac2 Nd4 44. R2c4 Rf3+ 0-1

[Event "SVK-chT3A2 2223"]
[Site "Slovakia"]
[Date "2022.12.18"]
[Round "4.4"]
[White "Zarecky, Eduard"]
[Black "Pericka, Tomas"]
[Result "0-1"]
[WhiteElo "1684"]
[BlackElo "2025"]
[PlyCount "51"]
[EventDate "2022.10.16"]
[EventType "team-tourn"]
[EventRounds "9"]
[EventCountry "SVK"]
[SourceTitle "EXT 2024"]
[Source "ChessBase"]
[SourceDate "2023.10.10"]
[SourceVersion "1"]
[SourceVersionDate "2023.10.10"]
[SourceQuality "1"]
[WhiteTeam "Modranka Komplet II"]
[BlackTeam "Senica CVC"]
[WhiteTeamCountry "SVK"]
[BlackTeamCountry "SVK"]

1. d4 c5 2. c4 cxd4 3. Qxd4 Nc6 4. Qd1 Nf6 5. Nf3 g6 6. Nc3 Bg7 7. e4 d6 8. Be2 0-0 9. 0-0 a6 10. Bf4 Bd7 11. Rc1 Re8 12. Qd2 Qa5 13. a3 Ng4 14. h3 Nge5 15. Nxe5 Nxe5 16. Nd5 Qxd2 17. Bxd2 Rac8 18. Nb6 Rc7 19. Nd5 Rcc8 20. Nb6 Rcd8 21. Nd5 Nc6 22. Bc3 Nd4 23. Bd1 e6 24. Ba5 exd5 25. Bxd8 Rxd8 26. cxd5 0-1

[Event "SVK-chT3A2 2122"]
[Site "Slovakia"]
[Date "2022.02.13"]
[Round "9.2"]
[White "Pericka, Tomas"]
[Black "Vepy, Ivan"]
[Result "1-0"]
[WhiteElo "2018"]
[BlackElo "1814"]
[PlyCount "73"]
[EventDate "2021.10.10"]
[EventType "team-tourn"]
[EventRounds "11"]
[EventCountry "SVK"]
[SourceTitle "EXT 2023"]
[Source "ChessBase"]
[SourceDate "2022.10.05"]
[SourceVersion "1"]
[SourceVersionDate "2022.10.05"]
[SourceQuality "1"]
[WhiteTeam "Senica CVC"]
[BlackTeam "Skalica"]
[WhiteTeamCountry "SVK"]
[BlackTeamCountry "SVK"]

1. e4 e5 2. Nc3 Nf6 3. f4 d6 4. Nf3 Bg4 5. h3 Bxf3 6. Qxf3 Nc6 7. Bb5 Qd7 8. Nd5 a6 9. Nxf6+ gxf6 10. Ba4 b5 11. Bb3 Nd4 12. Qf2 Nxb3 13. axb3 Qc6 14. d3 0-0-0 15. c4 Kb7 16. 0-0 Be7 17. f5 h5 18. Be3 Rdg8 19. Qd2 Rh7 20. Ra5 Rhg7 21. Rf2 Rg3 22. Kf1 Kc8 23. Re2 bxc4 24. bxc4 Kd7 25. b4 Qb7 26. b5 Ra8 27. Qa2 c5 28. bxa6 Qc6 29. a7 Bd8 30. Ra6 Qc8 31. Qa4+ Ke7 32. Kf2 Rg8 33. Rb2 Bc7 34. Qc6 Qd7 35. Rb7 Rgc8 36. Qd5 Ke8 37. Rc6 1-0

[Event "SVK-chT2A 2122"]
[Site "Slovakia"]
[Date "2021.11.13"]
[Round "3.8"]
[White "Pericka, Tomas"]
[Black "Mikudik, Ivan"]
[Result "1/2-1/2"]
[WhiteElo "1994"]
[BlackElo "1905"]
[PlyCount "45"]
[EventDate "2021.10.16"]
[EventType "team-tourn"]
[EventRounds "11"]
[EventCountry "SVK"]
[SourceTitle "EXT 2023"]
[Source "ChessBase"]
[SourceDate "2022.10.05"]
[SourceVersion "1"]
[SourceVersionDate "2022.10.05"]
[SourceQuality "1"]
[WhiteTeam "Osuske II"]
[BlackTeam "Krasnany"]
[WhiteTeamCountry "SVK"]
[BlackTeamCountry "SVK"]

1. e4 e6 2. Qe2 b6 3. g3 Bb7 4. Bg2 c5 5. Nf3 Nf6 6. d3 Be7 7. 0-0 0-0 8. Bg5 h6 9. Bf4 d5 10. e5 Nfd7 11. h4 Nc6 12. c3 b5 13. Re1 Qb6 14. Nh2 Rfe8 15. Nd2 b4 16. Qg4 Kh7 17. Bxd5 Ncxe5 18. Bxe5 Nxe5 19. Qe4+ f5 20. Qxe5 Bxd5 21. Nc4 Qc6 22. Qe2 Bxc4 23. dxc4 1/2-1/2

[Event "SVK-chT2A 2122"]
[Site "Slovakia"]
[Date "2021.10.17"]
[Round "2.6"]
[White "Pericka, Tomas"]
[Black "Cibik, Jan"]
[Result "1-0"]
[WhiteElo "1994"]
[BlackElo "1870"]
[PlyCount "55"]
[EventDate "2021.10.16"]
[EventType "team-tourn"]
[EventRounds "11"]
[EventCountry "SVK"]
[SourceTitle "EXT 2023"]
[Source "ChessBase"]
[SourceDate "2022.10.05"]
[SourceVersion "1"]
[SourceVersionDate "2022.10.05"]
[SourceQuality "1"]
[WhiteTeam "Osuske II"]
[BlackTeam "Senec"]
[WhiteTeamCountry "SVK"]
[BlackTeamCountry "SVK"]

1. e4 e5 2. f4 d6 3. Nf3 Nc6 4. Bc4 Be7 5. 0-0 Be6 6. Bxe6 fxe6 7. fxe5 dxe5 8. d3 Nf6 9. c3 Bc5+ 10. Kh1 0-0 11. b4 Bb6 12. b5 Nd4 13. Nxe5 Nxb5 14. Qb3 Qd6 15. Qxb5 a6 16. Qc4 Qxe5 17. d4 Qxe4 18. Ba3 Rfe8 19. Nd2 Qd5 20. Qd3 e5 21. Rf5 Qd7 22. Qc4+ Kh8 23. Rxe5 Rxe5 24. dxe5 Ng4 25. Ne4 Rd8 26. Qe2 Nxe5 27. Ng5 Qf5 28. Qxe5 1-0

[Event "SVK-chT4 A21 1920"]
[Site "Slovakia"]
[Date "2020.06.14"]
[Round "11.1"]
[White "Slaba, Andrea"]
[Black "Pericka, Tomas"]
[Result "1-0"]
[WhiteElo "1972"]
[BlackElo "1980"]
[PlyCount "21"]
[EventDate "2019.10.13"]
[EventType "team-tourn"]
[EventRounds "11"]
[EventCountry "SVK"]
[SourceTitle "EXT 2022"]
[Source "ChessBase"]
[SourceDate "2021.10.06"]
[SourceVersion "1"]
[SourceVersionDate "2021.10.06"]
[SourceQuality "1"]
[WhiteTeam "Chtelnica Kamenar"]
[BlackTeam "Brezova pod Bradlom"]
[WhiteTeamCountry "SVK"]
[BlackTeamCountry "SVK"]

1. d4 g6 2. e4 c5 3. dxc5 Bg7 4. Nc3 Qa5 5. Bd2 Qxc5 6. Nd5 Na6 7. Bxa6 bxa6 8. Be3 Qc6 9. Ne2 Nf6 10. Bd4 0-0 11. Nxe7+ 1-0

[Event "SVK-chT2A 1920"]
[Site "Slovakia"]
[Date "2020.03.07"]
[Round "10.4"]
[White "Pericka, Tomas"]
[Black "Lanc, Alois"]
[Result "0-1"]
[WhiteElo "1972"]
[BlackElo "2281"]
[PlyCount "66"]
[EventDate "2019.10.26"]
[EventType "team-tourn"]
[EventRounds "11"]
[EventCountry "SVK"]
[SourceTitle "CBM 195 Extra"]
[Source "ChessBase"]
[SourceDate "2020.05.31"]
[SourceVersion "1"]
[SourceVersionDate "2020.05.31"]
[SourceQuality "1"]
[WhiteTeam "Osuske II"]
[BlackTeam "Trnava Sered"]
[WhiteTeamCountry "SVK"]
[BlackTeamCountry "SVK"]

1. e4 c5 2. Nf3 Nc6 3. d4 cxd4 4. Nxd4 Nf6 5. Nc3 d6 6. Be3 e6 7. Be2 Be7 8. 0-0 a6 9. f4 0-0 10. a4 Qc7 11. Qe1 Bd7 12. g4 Nxd4 13. Bxd4 Bc6 14. g5 Nxe4 15. Bd3 Nxc3 16. Bxh7+ Kxh7 17. Qh4+ Kg8 18. Bxg7 Kxg7 19. Qh6+ Kg8 20. g6 Ne2+ 21. Kf2 Bh4+ 22. Kxe2 f6 23. Qxh4 Qg7 24. Ra3 Be4 25. f5 exf5 26. Rg3 Rfe8 27. Kd2 Qh8 28. Qf4 Qxh2+ 29. Rf2 Qh1 30. Rf1 Qh5 31. g7 Rac8 32. c3 Rc7 33. Rfg1 Qh2+ 0-1

[Event "SVK-chT2A 1920"]
[Site "Slovakia"]
[Date "2019.12.15"]
[Round "6.8"]
[White "Pericka, Tomas"]
[Black "Manak, Jozef"]
[Result "1/2-1/2"]
[WhiteElo "1971"]
[BlackElo "1969"]
[PlyCount "46"]
[EventDate "2019.10.26"]
[EventType "team-tourn"]
[EventRounds "11"]
[EventCountry "SVK"]
[SourceTitle "CBM 194 Extra"]
[Source "ChessBase"]
[SourceDate "2020.03.31"]
[SourceVersion "1"]
[SourceVersionDate "2020.03.31"]
[SourceQuality "1"]
[WhiteTeam "Osuske II"]
[BlackTeam "Piestany Kupele"]
[WhiteTeamCountry "SVK"]
[BlackTeamCountry "SVK"]

1. e4 c5 2. Nf3 a6 3. c3 d5 4. exd5 Qxd5 5. d4 e6 6. Bd3 Nf6 7. 0-0 Be7 8. Re1 0-0 9. Re5 Qc6 10. Bg5 cxd4 11. Bxf6 Bxf6 12. Rh5 g6 13. Ng5 Bxg5 14. Rxg5 Kg7 15. h4 Nd7 16. cxd4 Nf6 17. Nd2 Qd6 18. Nf3 Rd8 19. Qe2 Bd7 20. h5 Nd5 21. hxg6 hxg6 22. Ne5 Be8 23. Qg4 Ne7 1/2-1/2

[Event "SVK-chT2A 1617"]
[Site "Slovakia"]
[Date "2017.01.21"]
[Round "7.6"]
[White "Harastova, Viera"]
[Black "Pericka, Tomas"]
[Result "0-1"]
[WhiteElo "1871"]
[BlackElo "1996"]
[PlyCount "42"]
[EventDate "2016.10.08"]
[EventType "team-tourn"]
[EventRounds "11"]
[EventCountry "SVK"]
[SourceTitle "EXT 2018"]
[Source "ChessBase"]
[SourceDate "2017.10.13"]
[SourceVersion "1"]
[SourceVersionDate "2017.10.13"]
[SourceQuality "1"]
[WhiteTeam "Skalica"]
[BlackTeam "Osuske II"]
[WhiteTeamCountry "SVK"]
[BlackTeamCountry "SVK"]

1. d4 g6 2. c4 c5 3. Nc3 Bg7 4. Nf3 cxd4 5. Nxd4 Nc6 6. e3 Nf6 7. Nxc6 bxc6 8. Bd3 0-0 9. 0-0 d5 10. Qc2 e5 11. cxd5 cxd5 12. Rd1 Be6 13. Qe2 Qc7 14. Bd2 e4 15. Bb5 Ng4 16. g3 Ne5 17. Rdc1 Nf3+ 18. Kh1 Qe5 19. Rg1 Bg4 20. Rg2 Nxh2 21. Qe1 Nf3 0-1

[Event "SVK-chT4 A21 1617"]
[Site "Slovakia"]
[Date "2016.12.04"]
[Round "5.1"]
[White "Pericka, Tomas"]
[Black "Kubis, Ivan"]
[Result "1-0"]
[WhiteElo "2035"]
[BlackElo "1918"]
[PlyCount "43"]
[EventDate "2016.10.09"]
[EventType "team-tourn"]
[EventRounds "11"]
[EventCountry "SVK"]
[SourceTitle "EXT 2018"]
[Source "ChessBase"]
[SourceDate "2017.10.13"]
[SourceVersion "1"]
[SourceVersionDate "2017.10.13"]
[SourceQuality "1"]
[WhiteTeam "Brezova pod Bradlom"]
[BlackTeam "Gbely Nafta II"]
[WhiteTeamCountry "SVK"]
[BlackTeamCountry "SVK"]

1. e4 e5 2. Nc3 Nf6 3. f4 d5 4. fxe5 Nxe4 5. Nf3 Be7 6. d4 0-0 7. Bd3 f5 8. Be3 b6 9. Qe2 c5 10. Nxd5 Be6 11. Nf4 Bf7 12. e6 Be8 13. Ne5 Nc6 14. Nf7 Rxf7 15. exf7+ Bxf7 16. dxc5 g5 17. 0-0-0 Qe8 18. Bxe4 gxf4 19. Bxc6 Qxc6 20. Bxf4 Re8 21. Qf3 Qe6 22. Qg3+ 1-0